El pensamiento vivo de Sandino
Salvato in:
| Autore principale: | |
|---|---|
| Natura: | Libro |
| Lingua: | spagnolo |
| Pubblicazione: |
San José
EDUCA
1979
|
| Edizione: | 5a. ed |
| Serie: | Rueda del Tiempo
|
| Soggetti: | |
| Tags: |
Aggiungi Tag
Nessun Tag, puoi essere il primo ad aggiungerne!!
|
MARC
| LEADER | 00000nam a2200000 a 4500 | ||
|---|---|---|---|
| 001 | UCO1029 | ||
| 003 | CL-VaPUC | ||
| 008 | 000505e19790000CR |||||||||||||||||spa|d | ||
| 082 | 0 | 4 | |a 972.85 |b RAM |2 21 |
| 100 | 0 | |a Ramírez, Sergio |e author |9 442763 | |
| 245 | 1 | 3 | |a El pensamiento vivo de Sandino |
| 250 | |a 5a. ed | ||
| 300 | |a 342 p | ||
| 942 | |c BK | ||
| 945 | |d 20000505 00:00:00 |a crobeson | ||
| 260 | |a San José |b EDUCA |c 1979 | ||
| 600 | 0 | 7 | |a SANDINO, AUGUSTO CESAR |2 CL-VaPUC |9 442764 |
| 650 | 7 | |a HISTORIA DE NICARAGUA |2 CL-VaPUC |9 421223 | |
| 650 | 0 | |a Discursos |9 265028 | |
| 650 | 0 | |a Entrevistas |9 265537 | |
| 650 | 0 | |a Correspondencia |9 258963 | |
| 650 | 0 | |a Entrevistas |9 265537 | |
| 650 | 7 | |a FILOSOFIA POLITICA |2 CL-VaPUC |9 442765 | |
| 651 | 7 | |a NICARAGUA |2 CL-VaPUC |9 255394 | |
| 583 | |a last modification |c 20160913 04:00:18 |k Rodrigo Vera | ||
| 490 | 0 | |a Rueda del Tiempo | |
| 999 | |c 287663 |d 287661 | ||
| 952 | |0 0 |1 0 |4 0 |6 972_850000000000000_RAM_1979 |7 0 |8 A |9 334609 |a BIBHIS |b BIBHIS |d 2019-11-20 |i 127290K |l 2 |o 972.85 RAM 1979 |p 127290K |r 2025-01-20 |s 2024-06-26 |w 2019-11-20 |y BK |k HIS | ||